00247nam a22000977a 4500008004100000082001100041100001700052245002000069260005200089300000800141260530b |||||||| |||| 00| 0 eng d a001904 aRao, Gururaj aTales of Wisdom aBangalorebPoorna Prajna Samshodhan Trustc2011 a60p